[Event "Vojvodina-chT"]
[Site "Novi Sad"]
[Date "2017.11.16"]
[Round "5.6"]
[White "Tovilovic, Milomir"]
[Black "Mehandzic, Georgije"]
[Result "1/2-1/2"]
[WhiteElo "2248"]
[BlackElo "2049"]
[PlyCount "120"]
[EventDate "2017.11.13"]
[EventType "team-tourn"]
[EventRounds "11"]
[EventCountry "SRB"]
[SourceTitle "CBM 181 Extra"]
[Source "ChessBase"]
[SourceDate "2017.12.12"]
[SourceVersion "1"]
[SourceVersionDate "2017.12.12"]
[SourceQuality "1"]
[WhiteTeam "Pacir Backa"]
[BlackTeam "Beska Hajduk"]
[WhiteTeamCountry "SRB"]
[BlackTeamCountry "SRB"]

1. e4 c6 2. d4 d5 3. e5 Bf5 4. Nf3 e6 5. Be2 c5 6. 0-0 Nc6 7. c4 Nge7 8. Nc3 Nxd4 9. Nxd4 cxd4 10. Nb5 Nc6 11. cxd5 exd5 12. Nxd4 Bd7 13. Re1 Be7 14. e6 fxe6 15. Bh5+ g6 16. Bg4 Nxd4 17. Qxd4 Kf7 18. Qe5 Qb6 19. Re3 h5 20. Bh3 Qd6 21. Rf3+ Kg8 22. Bf4 Qxe5 23. Bxe5 Rh7 24. Rc1 Rf7 25. Rc7 Rc8 26. Rxc8+ Bxc8 27. Rc3 Bd7 28. Rc7 g5 29. Rxd7 g4 30. Rxb7 Bc5 31. Rxf7 Kxf7 32. Bxg4 hxg4 33. Kf1 Kg6 34. Ke2 Kf5 35. Bc7 e5 36. f3 e4 37. fxe4+ Kxe4 38. h3 gxh3 39. gxh3 d4 40. h4 d3+ 41. Kd1 a6 42. Bg3 Kf3 43. Be1 Kg4 44. a3 Be3 45. b4 Kh5 46. a4 Kg4 47. b5 axb5 48. axb5 Kh5 49. Bd2 Bb6 50. Be1 Be3 51. Bd2 Bb6 52. Bg5 Ba5 53. Bf6 Kg4 54. Kc1 Kh5 55. Kb2 Kg4 56. Kb3 Kh5 57. Bg5 Kg4 58. Kb2 Kh5 59. Kc1 Kg4 60. Kd1 Kh5 1/2-1/2

[Event "Stari Banovci Vidovdan op"]
[Site "Stari Banovci"]
[Date "2017.06.30"]
[Round "3"]
[White "Mehandzic, Georgije"]
[Black "Petrovic, Aleksa"]
[Result "0-1"]
[WhiteElo "2078"]
[BlackElo "1672"]
[PlyCount "58"]
[EventDate "2017.06.28"]
[EventType "swiss"]
[EventRounds "9"]
[EventCountry "SRB"]
[SourceTitle "EXT 2018"]
[Source "ChessBase"]
[SourceDate "2017.10.13"]
[SourceVersion "1"]
[SourceVersionDate "2017.10.13"]
[SourceQuality "1"]

1. d4 Nf6 2. Bf4 g6 3. e3 Bg7 4. Nc3 0-0 5. Be2 d6 6. g4 Nbd7 7. g5 Ne8 8. h4 e5 9. dxe5 dxe5 10. Bg3 c6 11. Nf3 Qe7 12. Qd2 b5 13. Ne4 Nb6 14. Qc3 Na4 15. Qxc6 Bb7 16. Qxb5 Bxe4 17. Qxa4 Qb7 18. 0-0-0 Bxf3 19. Bxf3 Qxf3 20. h5 gxh5 21. Rh4 Nc7 22. Rdh1 Rad8 23. Rxh5 Rd5 24. c3 Qe2 25. Rxh7 Rfd8 26. c4 Rc5 27. R7h4 e4 28. Qb3 Qxc4+ 29. Qxc4 Rxc4+ 0-1

[Event "Gligoric Cup 4th"]
[Site "Novi Banovci"]
[Date "2017.05.28"]
[Round "5.8"]
[White "Mehandzic, Georgije"]
[Black "Maravic, Milorad"]
[Result "1-0"]
[WhiteElo "2078"]
[BlackElo "2180"]
[PlyCount "71"]
[EventDate "2017.05.25"]
[EventType "team-swiss"]
[EventRounds "5"]
[EventCountry "SRB"]
[SourceTitle "CBM 178 Extra"]
[Source "ChessBase"]
[SourceDate "2017.06.22"]
[SourceVersion "1"]
[SourceVersionDate "2017.06.22"]
[SourceQuality "1"]
[WhiteTeam "Beska Hajduk"]
[BlackTeam "Subotica Penzioner"]
[WhiteTeamCountry "SRB"]
[BlackTeamCountry "SRB"]

1. d4 d5 2. Bf4 Nf6 3. Nf3 c5 4. c3 Qb6 5. Qb3 Qa5 6. e3 c4 7. Qc2 g6 8. b4 cxb3 9. Qxb3 a6 10. Be2 Bg7 11. 0-0 0-0 12. Nbd2 Nbd7 13. h3 Re8 14. c4 Nh5 15. cxd5 Nxf4 16. exf4 Qb6 17. Qa4 Qd8 18. Qb3 Nf6 19. Ne5 Nxd5 20. Rac1 e6 21. g3 b5 22. Ne4 h6 23. Bf3 Qb6 24. Rc5 Bb7 25. Rfc1 Rec8 26. Rxc8+ Rxc8 27. Nc5 Bxe5 28. fxe5 Bc6 29. Qd1 b4 30. Qd2 Kg7 31. Rb1 a5 32. a3 Ne7 33. Be2 Rb8 34. Bc4 Ra8 35. axb4 axb4 36. Bxe6 1-0

[Event "Vojvodina-chT"]
[Site "Novi Sad"]
[Date "2015.11.17"]
[Round "9.6"]
[White "Mehandzic, Georgije"]
[Black "Vidic, Stevan"]
[Result "0-1"]
[WhiteElo "2100"]
[BlackElo "2287"]
[PlyCount "80"]
[EventDate "2015.11.10"]
[EventType "team-tourn"]
[EventRounds "9"]
[EventCountry "SRB"]
[SourceTitle "CBM 169 Extra"]
[Source "ChessBase"]
[SourceDate "2015.12.18"]
[SourceVersion "1"]
[SourceVersionDate "2015.12.18"]
[SourceQuality "1"]
[WhiteTeam "Beska Hajduk"]
[BlackTeam "Backa Pacir"]
[WhiteTeamCountry "SRB"]
[BlackTeamCountry "SRB"]

1. Nf3 d5 2. g3 Nf6 3. Bg2 e6 4. 0-0 Be7 5. d3 0-0 6. c3 b6 7. Qc2 Bb7 8. Ne5 Nbd7 9. f4 c5 10. e3 Qc7 11. d4 Rac8 12. a4 Ne4 13. Na3 a6 14. Bxe4 dxe4 15. Nac4 Nxe5 16. dxe5 b5 17. Nd2 c4 18. axb5 axb5 19. Rf2 Rfd8 20. Nf1 Rd3 21. Qe2 Rcd8 22. Bd2 Bc5 23. Re1 Qb6 24. Kg2 Qc7 25. h4 Ra8 26. Bc1 Ra4 27. Bd2 Ra2 28. Bc1 b4 29. Qg4 bxc3 30. Rc2 cxb2 31. Rxb2 Rxb2+ 32. Bxb2 c3 33. Bc1 Bb4 34. h5 h6 35. Re2 c2 36. Nd2 Bxd2 37. Rxd2 Rxd2+ 38. Bxd2 c1Q 39. Bxc1 Qxc1 40. f5 Qxe3 0-1

[Event "Vojvodina-chT"]
[Site "Novi Sad"]
[Date "2015.11.14"]
[Round "5.6"]
[White "Besedes, Danilo"]
[Black "Mehandzic, Georgije"]
[Result "0-1"]
[WhiteElo "2294"]
[BlackElo "2100"]
[PlyCount "76"]
[EventDate "2015.11.10"]
[EventType "team-tourn"]
[EventRounds "9"]
[EventCountry "SRB"]
[SourceTitle "CBM 169 Extra"]
[Source "ChessBase"]
[SourceDate "2015.12.18"]
[SourceVersion "1"]
[SourceVersionDate "2015.12.18"]
[SourceQuality "1"]
[WhiteTeam "Elemir Naftagas"]
[BlackTeam "Beska Hajduk"]
[WhiteTeamCountry "SRB"]
[BlackTeamCountry "SRB"]

1. d4 Nf6 2. Nc3 g6 3. Bf4 Bg7 4. Qd2 h6 5. e4 d6 6. Bd3 Nc6 7. Nf3 g5 8. Bg3 g4 9. Nh4 Nxd4 10. Nf5 Bxf5 11. exf5 Qd7 12. Qf4 c5 13. Bh4 h5 14. 0-0 0-0-0 15. Rfe1 Bh6 16. Bg5 Bxg5 17. Qxg5 h4 18. Ne2 Rdg8 19. Qe3 Nf3+ 20. gxf3 gxf3+ 21. Ng3 hxg3 22. hxg3 Ng4 23. Qxf3 Ne5 24. Qg2 Rh5 25. Be4 Rgh8 26. Rad1 Ng4 27. Qf1 e6 28. Qd3 exf5 29. Bg2 R5h6 30. Qd5 f4 31. Qf3 fxg3 32. fxg3 Rf6 33. Qa3 Qf5 34. Rf1 Qxc2 35. Qd3 Rxf1+ 36. Qxf1 Ne3 37. Rc1 Qd2 38. Bxb7+ Kb8 0-1

[Event "Vojvodina-chT"]
[Site "Novi Sad"]
[Date "2015.11.12"]
[Round "3.6"]
[White "Jovic, Stevan"]
[Black "Mehandzic, Georgije"]
[Result "1/2-1/2"]
[WhiteElo "2156"]
[BlackElo "2100"]
[PlyCount "102"]
[EventDate "2015.11.10"]
[EventType "team-tourn"]
[EventRounds "9"]
[EventCountry "SRB"]
[SourceTitle "CBM 169 Extra"]
[Source "ChessBase"]
[SourceDate "2015.12.18"]
[SourceVersion "1"]
[SourceVersionDate "2015.12.18"]
[SourceQuality "1"]
[WhiteTeam "Novi Banovci Omladinac"]
[BlackTeam "Beska Hajduk"]
[WhiteTeamCountry "SRB"]
[BlackTeamCountry "SRB"]

1. d4 Nf6 2. c4 g6 3. Nc3 Bg7 4. e4 d6 5. Be2 0-0 6. Nf3 Nc6 7. 0-0 Bg4 8. d5 Nb8 9. h3 Bd7 10. Be3 b6 11. Nd4 c5 12. Nc2 Ne8 13. Qd2 e5 14. dxe6 fxe6 15. f4 a6 16. Rad1 Ra7 17. b4 Qf6 18. e5 dxe5 19. Ne4 Qh4 20. bxc5 Bc6 21. cxb6 Rd7 22. Qb4 Rxd1 23. Bxd1 Bxe4 24. c5 Bc6 25. Bg4 Qf6 26. Rf2 Qe7 27. fxe5 Rxf2 28. Bxf2 Bxe5 29. Qe1 Qf6 30. Nb4 Bb7 31. Nd3 h5 32. Nxe5 hxg4 33. Nxg4 Qe7 34. Qb1 Qg5 35. Be3 Qh5 36. Qd3 Kf7 37. Bd4 Nd7 38. c6 Bxc6 39. Qxa6 Qd5 40. Qf1+ Ke7 41. Qf2 e5 42. Be3 Kd8 43. Qc2 Kc8 44. a4 Kb7 45. a5 Qxa5 46. Qxg6 Qe1+ 47. Kh2 Qe2 48. Bf2 Nef6 49. Nxf6 Qxf2 50. Nxd7 Qf4+ 51. Kh1 Qf1+ 1/2-1/2

[Event "Vojvodina-ch 2nd"]
[Site "Novi Sad"]
[Date "2011.07.30"]
[Round "9"]
[White "Saric, Sinisa"]
[Black "Mehandzic, Georgije"]
[Result "1-0"]
[WhiteElo "2472"]
[BlackElo "2106"]
[PlyCount "87"]
[EventDate "2011.07.24"]
[EventType "swiss"]
[EventRounds "9"]
[EventCountry "SRB"]
[SourceTitle "CBM 143 Extra"]
[Source "ChessBase"]
[SourceDate "2011.08.29"]
[SourceVersion "1"]
[SourceVersionDate "2011.08.29"]
[SourceQuality "1"]

1. d4 c6 2. c4 d6 3. Nc3 Nf6 4. e4 e5 5. Nf3 Bg4 6. Be2 Nbd7 7. 0-0 Be7 8. Be3 0-0 9. Qc2 Re8 10. Rfd1 Qc7 11. d5 c5 12. Ne1 h6 13. f3 Bh5 14. a3 g5 15. b4 b6 16. Rdb1 Rec8 17. Rb2 Kg7 18. Nd3 g4 19. bxc5 dxc5 20. Qd2 Rh8 21. f4 Bd6 22. f5 Bf8 23. Nf2 Kh7 24. Qd1 Rg8 25. h3 g3 26. Bxh5 gxf2+ 27. Kxf2 Nxh5 28. Qxh5 Nf6 29. Qh4 Qe7 30. Kf3 Nxd5 31. Qxe7 Nxe7 32. Rd1 Nc6 33. Rd7 Kg7 34. Nd5 h5 35. Bg5 Kh8 36. Bf6+ Bg7 37. Rxf7 Rae8 38. g4 b5 39. cxb5 Nd4+ 40. Ke3 c4 41. Rxa7 c3 42. Rxg7 cxb2 43. Re7+ Rg7 44. Bxg7+ 1-0

[Event "Vojvodina Cup"]
[Site "Banja Junakovic"]
[Date "2009.05.03"]
[Round "5"]
[White "Mehandzic, Georgije"]
[Black "Stojkovic, Miroljub"]
[Result "1/2-1/2"]
[WhiteElo "2120"]
[BlackElo "2229"]
[PlyCount "49"]
[EventDate "2009.04.30"]
[EventType "team-tourn"]
[EventRounds "5"]
[EventCountry "YUG"]
[SourceTitle "EXT 2011"]
[Source "ChessBase"]
[SourceDate "2010.11.26"]
[SourceVersion "1"]
[SourceVersionDate "2010.11.26"]
[SourceQuality "1"]

1. d4 d5 2. Bf4 Nf6 3. e3 g6 4. Be2 Bg7 5. Nd2 0-0 6. g4 c5 7. c3 Nc6 8. h4 Nd7 9. Nb3 cxd4 10. cxd4 e5 11. dxe5 Ndxe5 12. h5 Nc4 13. Qc2 Nb4 14. Qd1 Bxb2 15. Kf1 Nc6 16. Rb1 Be5 17. Nh3 Be6 18. Nc5 Qa5 19. Nxe6 fxe6 20. Rxb7 Rab8 21. Rxb8 Rxb8 22. Bxc4 dxc4 23. Qd7 Qd5 24. Qxd5 exd5 25. Kg2 1/2-1/2

[Event "Vojvodina Cup"]
[Site "Sombor"]
[Date "2008.05.02"]
[Round "3.6"]
[White "Mehandzic, Georgije"]
[Black "Kler, Borko"]
[Result "0-1"]
[WhiteElo "2159"]
[BlackElo "2224"]
[PlyCount "85"]
[EventDate "2008.05.01"]
[EventType "team-tourn"]
[EventRounds "5"]
[EventCountry "YUG"]
[SourceTitle "EXT 2011"]
[Source "ChessBase"]
[SourceDate "2010.11.26"]
[SourceVersion "1"]
[SourceVersionDate "2010.11.26"]
[SourceQuality "1"]

1. e4 c5 2. Nf3 d6 3. g3 Nf6 4. Nc3 e6 5. Bg2 Be7 6. 0-0 0-0 7. d3 Nc6 8. h3 a6 9. Be3 Qc7 10. a4 h6 11. Nd2 d5 12. exd5 exd5 13. Nxd5 Nxd5 14. Bxd5 Bxh3 15. Bg2 Bxg2 16. Kxg2 Ne5 17. Qh5 Qc6+ 18. f3 f5 19. Kf2 Rae8 20. Rh1 Rf7 21. b3 Bf8 22. Rae1 g6 23. Qh4 g5 24. Bxg5 Ng6 25. Qh5 Rxe1 26. Rxe1 hxg5 27. Qxg5 Qf6 28. Qxf6 Rxf6 29. Re8 Ne7 30. Rb8 b6 31. Nc4 Nd5 32. Ne5 Rd6 33. Nc4 Re6 34. a5 b5 35. Nb6 Nxb6 36. axb6 Kf7 37. b7 Rb6 38. d4 Be7 39. Ke3 Ke6 40. g4 fxg4 41. fxg4 Bd6 42. Ra8 Rxb7 43. Rxa6 0-1

[Event "Vojvodina Cup"]
[Site "Banja Junakovic"]
[Date "2007.05.01"]
[Round "5.3"]
[White "Mehandzic, Georgije"]
[Black "Stanojevic, Branko"]
[Result "0-1"]
[WhiteElo "2162"]
[BlackElo "2322"]
[PlyCount "54"]
[EventDate "2007.04.28"]
[EventType "team"]
[EventRounds "5"]
[EventCountry "YUG"]
[SourceTitle "EXT 2008"]
[Source "ChessBase"]
[SourceDate "2007.11.25"]
[SourceVersion "1"]
[SourceVersionDate "2007.11.25"]
[SourceQuality "1"]

1. Nf3 Nf6 2. g3 b6 3. Bg2 Bb7 4. d3 d5 5. Bg5 e6 6. Nbd2 Be7 7. c3 0-0 8. Qc2 Nbd7 9. e4 dxe4 10. Nxe4 Nxe4 11. Bxe7 Qxe7 12. dxe4 Nc5 13. Nd4 f5 14. f3 fxe4 15. fxe4 Qg5 16. Qe2 Ba6 17. Nf3 Rxf3 18. Qxf3 Rf8 19. h4 Qh6 20. Qxf8+ Kxf8 21. Kf2 Qd2+ 22. Kg1 Bb7 23. b4 Qxc3 24. Kh2 Qxb4 25. Rhe1 Bxe4 26. Bxe4 Nxe4 27. Re2 Nxg3 0-1